| 000 | 00778nam a2200265 4500 | ||
|---|---|---|---|
| 001 | 329770 | ||
| 003 | ARRUPE | ||
| 005 | 20161215081406.0 | ||
| 008 | 711105s1971 nyuc b 001 0 eng | ||
| 010 | _a 75140098 | ||
| 020 | _a0876680392 | ||
| 040 |
_aDLC _cDLC _dDLC |
||
| 050 | 0 | 0 |
_aBF178.H7626 _bK4 1971 |
| 082 | 0 | 0 | _a616.89/17/0924 |
| 100 | 1 |
_aKelman, Harold. _928051 |
|
| 245 | 1 | 0 |
_aHelping people: _bKaren Horney's psychoanalytic approach. |
| 260 |
_aNew York, _bScience House, _c1971. |
||
| 300 |
_axiii, 621 p. _bport. _c24 cm. |
||
| 350 | _a$18.50 | ||
| 504 | _aBibliography: p. 592-614. | ||
| 600 | 1 | 0 |
_aHorney, Karen, _d1885-1952. _928052 |
| 650 | 0 |
_aPsychoanalysis. _928053 |
|
| 906 |
_a7 _bcbc _corignew _d2 _encip _f19 _gy-gencatlg |
||
| 942 |
_2lcc _cMONOGRAPH |
||
| 999 |
_c125899 _d125899 |
||